| 000 | 00545nam a2200181Ia 4500 | ||
|---|---|---|---|
| 005 | 20260429112235.0 | ||
| 008 | 260429s9999||||xx |||||||||||||| ||und|| | ||
| 020 | _a9789382848240 | ||
| 041 | _aHindi | ||
| 082 |
_a294.5 _bBHA |
||
| 100 | _aभार्गव, प्रमोद | ||
| 245 | 0 |
_aदशावतार / _cप्रमोद भार्गव |
|
| 250 | _a1st ed. | ||
| 260 |
_aनई दिल्ली : _bप्रकाशन संस्थान, _c2019. |
||
| 300 | _a534 p.; Hb | ||
| 650 | _aHinduism | ||
| 942 | _cTB | ||
| 999 |
_c53072 _d53072 |
||